Normal view
MARC view
- Abdul Basit Ahmed Rehan Hashmi Muhammad Waleed Faisal
Entry Personal Name
001 - CONTROL NUMBER
- control field: 86270
003 - CONTROL NUMBER IDENTIFIER
- control field: NUST
005 - DATE AND TIME OF LATEST TRANSACTION
- control field: 20211209133327.0
008 - FIXED-LENGTH DATA ELEMENTS
- fixed length control field: 211209|| aca||aabn | a|a d
040 ## - CATALOGING SOURCE
- Original cataloging agency: NUST
- Transcribing agency: NUST
100 ## - HEADING--PERSONAL NAME
- Personal name: Abdul Basit Ahmed Rehan Hashmi Muhammad Waleed Faisal
670 ## - SOURCE DATA FOUND
- Source citation: Work cat.: (NUST): Abdul Basit Ahmed Rehan Hashmi Muhammad Waleed Faisal, PR-SOF-2088-DC Variable Power Supply, 2021.
